000 00420nam a22001697a 4500
005 20180808152347.0
008 160624b xxu||||| |||| 00| 0 eng d
020 _a81-7808-305-1
041 _aeng
082 _b9930
_a658.3
100 _aGreer, charles R.
_92691
245 _aStrategic Human Resource Management
260 _aDelhi
_bPearson Education
300 _a331p,
650 _aManagement
_9241
942 _cBK
999 _c3877
_d3876